Countdown to first certificate

Đã lưu trong:
书目详细资料
主要作者: Duckworth, Michael
格式: 图书
语言:Undetermined
出版: Oxford Oxford University Press 1999
主题:
标签: 添加标签
没有标签, 成为第一个标记此记录!
Thư viện lưu trữ: Trung tâm Học liệu Trường Đại học Cần Thơ
LEADER 00637nam a2200193Ia 4500
001 CTU_120774
008 210402s9999 xx 000 0 und d
082 |a 428.34 
082 |b D836/Cas.1 
100 |a Duckworth, Michael 
245 0 |a Countdown to first certificate 
245 0 |c Michael Duckworth, Kathy Gude 
260 |a Oxford 
260 |b Oxford University Press 
260 |c 1999 
650 |a English language,English language,Test of english as a foreign language 
650 |x Study and teaching,Textbooks for foreign speakers,Study guides 
904 |i M.Loan 
980 |a Trung tâm Học liệu Trường Đại học Cần Thơ